000 00450 a2200169 4500
005 20260324152915.0
008 260324b |||||||| |||| 00| 0 eng d
020 _a9789365693751
040 _cSDCL
041 _2eng
_aeng
084 _aV2:2'P R5
100 _aBhatia, Gautam
245 _aIndian Constitution :
_bConversations With Power
260 _aGurugram :
_bHarper Collins India,
_c2025.
300 _axxvi, 347p.
942 _cTEXL
_2CC
999 _c1726442
_d1726442